| 000 | 06444nkm0a2200565 4500 | ||
|---|---|---|---|
| 001 | RU\NLR\BIBL_A\011167099 | ||
| 005 | 20260408075234.0 | ||
| 020 |
_aRU _b1010 (1944-VII) _9Ленинград в Великой Отечественной войне : Печать Ленинграда. 1941-1945 : каталог изд., хранящихся в фондах Гос. Публ. б-ки. Вып. 2. Листовки, плакаты, открытки, альбомы / [сост. И.В. Разова, Ю.А. Фельдман, Е.М. Тепер и др.] ; М-во культуры РСФСР. Гос. Публ. б-ка им. М.Е. Салтыкова-Щедрина. - Ленинград, 1972 |
||
| 020 |
_aRU _b132 _9Ленинградские "Окна ТАСС" 1941-1945 : из собрания Отдела эстампов Российской национальной библиотеки : иллюстрированный каталог / Рос. нац. б-ка ; [сост.: М. Ю. Мельникова и др. ; авт. вступ. ст. и биогр. материалов: И. В. Селиванова]. - Санкт-Петербург: Изд-во Российской национальной библиотеки, 2015 |
||
| 035 | _a(NLR Aleph) 011167099 | ||
| 071 | 5 | 0 |
_d7 р. _93000 |
| 090 |
_a13329044 _c13329044 |
||
| 100 | _a20160628j1944 u y0rusy50 ca | ||
| 101 | 0 | _arus | |
| 102 | _aRU | ||
| 116 | _aiiycxx bf ad | ||
| 135 | _acrcn 024anaba | ||
| 200 | 1 |
_aВоины Красной Армии! Неустанно совершенствуйте свое боевое мастерство, полностью используйте нашу прекрасную боевую технику ... _bИзоматериал _e[плакат] _fхудожник В. Селиванов |
|
| 210 |
_a[Ленинград] _d1944 _gЛТ УН-9 |
||
| 215 |
_a1 л. (3 изобр.) _cхромолитография _d52х69 |
||
| 225 | 1 |
_aОкно ТАСС _iЛенинград _v1944, № 7 (май) |
|
| 300 | _aТекст лозунга: Воины Красной Армии! Неустанно совершенствуйте свое боевое мастерство, полностью используйте нашу прекрасную боевую технику, бейте вражеские войска до полного их разгрома! Рабочие и работницы, инженеры и техники предприятий, изготовляющих вооружение и боеприпасы! Непрерывно совершенствуйте вооружение Красной Армии, увеличивайте выпуск орудий, минометов, пулеметов, автоматов, винтовок, снарядов, патронов и мин! Все для фронта, все для победы! | ||
| 300 | _aНа листе также текст стихотворения В. Саянова "Первомай": Пылает небо, пылают дали, Все шире, шире встает рассвет ... | ||
| 316 |
_aЭкз. РНБ на шифре Э ПлИр995/ОКТЛ-44, Э040727: 52х69,5 см _5NLR: Э ПлИр995/ОКТЛ-44 |
||
| 325 | 1 | _aКопия доступна в электронной библиотеке РНБ | |
| 464 | 0 |
_12001#$aПервомай$eПылает небо, пылают дали, Все шире, шире встает рассвет ...$fВ. Саянов _15171#$aПылает небо, пылают дали, Все шире, шире встает рассвет ... _1700#1$aСаянов$bВ.М.$f1903-1959$gВиссарион Михайлович$3RU\NLR\AUTH\7775061 _tПервомай _aСаянов, Виссарион Михайлович (1903-1959) |
|
| 517 | 1 | _aВоины Красной Армии! Неустанно совершенствуйте свое боевое мастерство, полностью используйте нашу прекрасную боевую технику, бейте вражеские войска до полного их разгрома! Рабочие и работницы, инженеры и техники предприятий, изготовляющих вооружение и боеприпасы! Непрерывно совершенствуйте вооружение Красной Армии, увеличивайте выпуск орудий, минометов, пулеметов, автоматов, винтовок, снарядов, патронов и мин! Все для фронта, все для победы! | |
| 517 | 1 | _aВсе силы на помощь фронту! | |
| 606 | 1 |
_aПлакат русский советский _yЛенинград, город _z1941 - 1945 _92096368 _3RU\NLR\AUTH\661571886 |
|
| 606 | 1 |
_aВеликая Отечественная война _jПлакаты _z1941 - 1945 _9903571 _3RU\NLR\AUTH\668893 |
|
| 686 | 0 | _aЩ153(2Р=Рус)7-466 | |
| 700 | 1 |
_aСеливанов _bВ. Н. _f1902-1982 _gВасилий Николаевич _4040 |
|
| 712 | 0 | 2 |
_4570 _aТелеграфное агентство СССР _bРедакция военно-оборонного плаката "Окна ТАСС" _3RU\NLR\AUTH\8810071442 _9644791 |
| 712 | 0 | 2 |
_4570 _aТелеграфное агентство СССР _bЛенинградское областное отделение _3RU\NLR\AUTH\885717 _9283123 |
| 852 |
_aNLR _bЛ3-310п _j29/2-4/1944-7 |
||
| 852 |
_aNLR _bЭ _jПлИр995/ОКТЛ-44 _mЭ040726 |
||
| 852 |
_aNLR _bЭ _jПлИр995/ОКТЛ-44 _mЭ040727 |
||
| 852 |
_aNLR _bЭ _jПлИр995/ОКТЛ-44 _mЭ036029 |
||
| 856 | 0 | _uhttp://vivaldi.nlr.ru/la000070498/view | |
| 856 | 1 | _uhttp://vivaldi.nlr.ru/la000070498/cover | |
| 856 | 2 | _uhttp://vivaldi.nlr.ru/la000070498/text | |
| 901 | _eИзографические материалы | ||
| 942 | _cVISUAL | ||
| 945 | _aРоссийская национальная библиотека | ||
| 980 | _aBV | ||
| 980 | _aNB | ||
| 981 | 3 | 7 | _a(37) Ленинград в Великой Отечественной войне |
| 981 | 1 | 7 |
_a(17) Изографические материалы _b(17) Плакаты |